000 00668nam a2200217 u 4500
005 20240228064033.0
008 111116s2004 r 000 0 eng d
020 _a9561316617
035 _aUPN01000182567
049 _aI
050 4 _aPZ78
_bR6.52 2004
100 1 _aRosasco, José Luis,
_d1935-
245 1 3 _aLa mariposa negra y otros cuentos /
_cJosé Luis Rosasco ; il. de Andrés Jullian.
250 _a2a ed.
260 _aSantiago de Chile :
_bAndrés Bello,
_c2004.
300 _a67 p. :
_bil.
440 0 _aA partir de los 6 años
650 4 _aCUENTOS INFANTILES CHILENOS
_911282
650 4 _aLibros y lectura para niños
_92290
905 _aInfantil
999 _c154670
_d154670